Οψεις της προστασίας των ατομικών και κοινωνικών δικαιωμάτων = Aspects of the Protection of Individual and Social Rights

Saved in:
Bibliographic Details
Corporate Author: Ίδρυμα Μαραγκοπούλου για τα Δικαιώματα του Ανθρώπου
Other Authors: Βασιλούνη, Σταυρούλα (edtf)
Format: Book
Language:Greek
English
Published: Αθήνα : Βιβλιοπωλείο της Εστίας, 1995.
Subjects:
Tags: Add Tag
No Tags, Be the first to tag this record!

MARC

LEADER 00000cam a2200000 i 4500
001 1/32043
008 960729s1995####gr | | ||| |||| ||gre||
020 |a 9600506523  
035 |1 ΕΛΗ  |a 1996  |b 2407  |c ΒΙΒΛΙΟΘΗΚΗ   |l 10038994 
040 |a GR-MyUA  |b gre  |e AACR2 
041 0 |a gre  |h eng 
082 0 |a 323  
110 2 |a Ίδρυμα Μαραγκοπούλου για τα Δικαιώματα του Ανθρώπου. 
245 1 0 |a Οψεις της προστασίας των ατομικών και κοινωνικών δικαιωμάτων =   |b Aspects of the Protection of Individual and Social Rights /   |c Ιδρυμα Μαραγκοπούλπου για τα Δικαιώματα του Ανθρώπου ; επιμέλεια εκδοσης Σταυρούλα Βασιλούνη.  
246 1 |i Παράλληλος τίτλος:   |a Aspects of the Protection of Individual and Social Rights  
260 |a Αθήνα :   |b Βιβλιοπωλείο της Εστίας,   |c 1995.  
300 |a 354 σ. ;   |c 24 εκ.  
650 0 0 |a Human rights. 
650 0 0 |a Civil rights. 
650 0 0 |a Right to life. 
700 1 |a Βασιλούνη, Σταυρούλα,  |e edtf 
852 |a INST  |b SAMOS  |e 19960729  |h 323 ΙΔΡ  |p 005300009526  |q 005300009526  |t BK  |y 0 
909 |a Σ  |b 041641